Click Actors' First Name #3 - Statistics

General Stats
  • This quiz has been taken 733 times
  • The average score is 18 of 20
Answer Stats
Hint Answer % Correct
Depp Johnny
97%
DiCaprio Leonardo
97%
Freeman Morgan
96%
Hemsworth Chris
95%
Stone Emma
95%
Portman Natalie
95%
Stiller Ben
93%
Murphy Eddie
93%
Reeves Keanu
93%
Hardy Tom
93%
Paltrow Gwyneth
92%
Black Jack
92%
Blunt Emily
91%
Hopkins Anthony
90%
Pfeiffer Michelle
90%
Foster Jodie
87%
Cheadle Don
83%
Loren Sophia
82%
Saldana Zoe
80%
Menzel Idina
77%
No matching quizzes found
Score Distribution
Percent of People with Each Score
Percentile by Number Answered
Your Score History
You have not taken this quiz